| 000 | 01327 a2200241 4500 | ||
|---|---|---|---|
| 001 | 65 | ||
| 005 | 20260407155406.0 | ||
| 008 | 260407a2004 arg spa d | ||
| 003 | AR-UNSa-BCEJYS | ||
| 040 |
_aAR-UNSa-BCEJYS _bspa _cAR-UNSa-BCEJYS |
||
| 080 |
_a657 _xContabilidad |
||
| 245 | 1 | 0 | _aContabilidad básica |
| 020 | _a950-527-950-7 | ||
| 250 | _a4a. ed. | ||
| 264 | 1 |
_aBuenos Aires : _bLa Ley _c2004 |
|
| 300 |
_axlv, 673 p. _c24 cm. |
||
| 505 | _a1. Las organizaciones y su administración - 2. Contabilidad,informes contables y normas contables - 3. Elementos de la información contable - 4. Reconocimiento de variaciones patrimoniales - 5. Procesamiento contable - 6. El método de la partida doble - 7. Financiación de las actividades - 8. Compras - 9. Consumos, depreciaciones y producción - 10. Ventas y cuestiones conexas - 11. Cuentas por cobrar en moneda - 12. Movimientos de fondos - 13. Inversiones permanentes - 14. Impuestos y tasas - 15. Cuestiones diversas - 16. Ajuste por inflación 17. Tareas contables de cierre - 18. Preparación de informes | ||
| 041 | _aspa | ||
| 942 | _cBK | ||
| 590 | _aniveau_biblio:m niveau_hierar:0 | ||
| 100 | 1 | _aFowler Newton, Enrique | |
| 856 | 4 | 1 |
_uhttps://biblioeco.unsa.edu.ar/pmb/images/libros/Contabilidad B?sica(4a ed)-L116230.jpg _yImagen de portada _qimage/jpeg |
| 999 |
_c48 _d48 |
||